things about john - Statistics

General Stats
  • This quiz has been taken 10 times
  • The average score is 13 of 15
Answer Stats
Hint Answer % Correct
height 6,5
100%
My favorite NBA team Brooklyn Nets
100%
My hair color Ginger
100%
Favorite celebrity John Cena
100%
My job Lifeguard
100%
Moms name Melissa
100%
My favorite color Orange
100%
want to do when I grow up Police officer
100%
Dads name Rainer
100%
First sport started playing Soccer
100%
Favorite animal Tiger
100%
Where am I from Brooklyn
67%
Favorite food Chicken Parm
67%
Favorite candy Gushers
33%
Fav song Heat of the Moment;Asia
0%
No matching quizzes found
Score Distribution
Percent of People with Each Score
Percentile by Number Answered
Your Score History
You have not taken this quiz